| 000 | 00510cam a22001571 4500 | ||
|---|---|---|---|
| 082 |
_a624.18 _bMOR _cDonation |
||
| 100 | 1 |
_aMorgan, William, _943036 |
|
| 245 | 0 | 0 | _aElementary reinforced concrete design for students of architecture and building. |
| 260 |
_aLondon, _bArnold _c[1949] |
||
| 300 |
_aviii, 303 p. _billus. _c23 cm. |
||
| 526 |
_a0 _b0 _c0 _d624_180000000000000_MOR |
||
| 650 | 0 |
_aMCE _9379 |
|
| 650 | 0 | _aReinforced concrete construction. | |
| 650 | 0 |
_aStrains and stresses. _928238 |
|
| 942 |
_2ddc _cBK |
||
| 999 |
_c546837 _d546837 |
||